Central Library OPAC University of Rajshahi

The Toynbee-Ikeda dialogue : (Record no. 33316)

MARC details
000 -LEADER
fixed length control field 00910nam a22002892 4500
001 - CONTROL NUMBER
control field 33316
003 - CONTROL NUMBER IDENTIFIER
rucl marc code BD-RjUL
005 - DATE AND TIME OF LATEST TRANSACTION
control field 20211209052003.0
008 - FIXED-LENGTH DATA ELEMENTS--GENERAL INFORMATION
fixed length control field 140507t1976 ja 001 0 eng d
020 ## - INTERNATIONAL STANDARD BOOK NUMBER
International Standard Book Number 0870112686
035 ## - SYSTEM CONTROL NUMBER
System control number (BD-RjUL)33407
040 ## - CATALOGING SOURCE
Original cataloging agency DLC
Transcribing agency DLC
Modifying agency EQO
-- BD-RjUL
Language of cataloging eng
041 ## - LANGUAGE CODE
Language code of text/sound track or separate title eng
082 04 - DEWEY DECIMAL CLASSIFICATION NUMBER
Classification number 909.82
Author mark and year TOT 1976
100 1# - MAIN ENTRY--PERSONAL NAME
Personal name Toynbee, Arnold,
Dates associated with a name 1889-1975.
9 (RLIN) 101156
245 14 - TITLE STATEMENT
Title The Toynbee-Ikeda dialogue :
Remainder of title man himself must choose /
Statement of responsibility, etc. Arnold J. Toynbee, Daisaku Ikeda.
250 ## - EDITION STATEMENT
Edition statement 1st ed.
260 ## - PUBLICATION, DISTRIBUTION, ETC. (IMPRINT)
Place of publication, distribution, etc. Tokyo ;
-- New York ;
Name of publisher, distributor, etc. Kodansha International ;
Place of publication, distribution, etc. New York :
Name of publisher, distributor, etc. distributed by Harper & Row,
Date of publication, distribution, etc. 1976.
300 ## - PHYSICAL DESCRIPTION
Pagination 348 p. ;
Size 24 cm.
504 ## - BIBLIOGRAPHY, ETC. NOTE
Bibliography, etc Includes index.
650 #0 - SUBJECT ADDED ENTRY--TOPICAL TERM
Topical term or geographic name as entry element Civilization, Modern
Chronological subdivision 1950-
9 (RLIN) 6436
Topical term or geographic name as entry element Civilization
General subdivision Philosophy.
9 (RLIN) 3440
700 1# - ADDED ENTRY--PERSONAL NAME
Personal name Ikeda, Daisaku.
942 ## - ADDED ENTRY ELEMENTS (KOHA)
Source of classification or shelving scheme Dewey Decimal Classification
Koha item type Books
Holdings
Lost status Source of classification or shelving scheme Damaged status Not for loan Collection code Permanent Location Current Location Shelving location Date acquired Source of acquisition Total Checkouts Full call number Date last seen Copy number Koha item type
  Dewey Decimal Classification   Not For Loan Non-fiction Central Library, University of Rajshahi Central Library, University of Rajshahi Reading Room 29/04/1976 Oversea courier servicc ltd japan   909.82 TOT 1976 07/05/2014 C-1 Books